Úloha bánk pri zavedení eura na Slovensku diplomová práca

Gespeichert in:
Bibliographische Detailangaben
1. Verfasser: Ondáš, Daniel
Körperschaft: Podnikovohospodárska fakulta EU so sídlom v Košiciach. Katedra ekonómie
Weitere Verfasser: Bačová, Monika
Format: Buch
Sprache:Slowakisch
Veröffentlicht: Košice 2008
Tags: Tag hinzufügen
Keine Tags, Fügen Sie das erste Tag hinzu!

MARC

LEADER 00000nam$a2200000$$$4500
001 0077451
005 20240827093113.6
041 0 |a slo 
044 |a SK 
245 1 0 |a Úloha bánk pri zavedení eura na Slovensku  |b diplomová práca  |c Daniel Ondáš ; škol. Monika Bačová 
264 1 |a Košice  |c 2008 
300 |a 68 s. 
100 1 |a Ondáš, Daniel 
700 1 |a Bačová, Monika 
710 2 |a Podnikovohospodárska fakulta EU so sídlom v Košiciach. Katedra ekonómie